| 000 | 00439nam a2200169Ia 4500 | ||
|---|---|---|---|
| 008 | 230711s9999||||xx |||||||||||||| ||und|| | ||
| 020 | _a978-81-265-6468-2 | ||
| 041 | _aENG | ||
| 082 |
_a720 _bWI-A |
||
| 100 | _aWing,Eric | ||
| 245 | 0 | _aAutodesk revit 2017 for Architecture : No experience required | |
| 250 | _a1st Ed. | ||
| 260 |
_c2017 _aNew Delhi _bJohn Wiley & Sons.Inc |
||
| 300 | _a694p. | ||
| 650 | _aArchitecture | ||
| 942 | _cBK | ||
| 999 |
_c6062 _d6062 |
||